Quizz sur Stromae - Statistiques

Statistiques générales
  • Ce quiz a été pris 332 fois
  • Le résultat moyen est 8 sur 10
Statistiques - réponses
Question Réponse % Correct
De quelle nationalité est Stromae ? ( hormis ses origines rwandaises) Belge
98%
Qu'évoque Stromae dans sa chanson papaoutai L'absence de son père
93%
Stromae a fait un featuring avec : Oreslan
93%
Q'elle est le nom de son album le plus célébré ( contenant Papaoutai ... )? Racine carrée
93%
D'où vient le nom de Stromae ? Le verlan de maestro
88%
Avec quelle chanson se fait-il connaître ? Alors on danse
85%
Où Stromae a enregistré ses deux premiers albums ? Chez lui
80%
Quel est son vrai nom ? Paul
80%
D'où vient le nom de l'entreprise de production musicale 'Mosaert' créee par Stromae ? De l'anagramme de Stromae
73%
En quelle année est né Stromae ? 1985
38%
Aucun quiz correspondant
Distribution des résultats
% des personnes avec chaque résultat
Percentile par nombre de réponses
Votre historique - résultats
Vous n’avez pas pris ce quiz